Normal view
MARC view
- Tambogon, Ricardo S.
Entry Personal Name
001 - CONTROL NUMBER
- control field: 61392
003 - CONTROL NUMBER IDENTIFIER
- control field: OSt
005 - DATE AND TIME OF LATEST TRANSACTION
- control field: 20240923102934.0
008 - FIXED-LENGTH DATA ELEMENTS
- fixed length control field: 240923|| aca||aabn | a|a d
040 ## - CATALOGING SOURCE
- Original cataloging agency: OSt
- Transcribing agency: OSt
100 ## - HEADING--PERSONAL NAME
- Personal name: Tambogon, Ricardo S.
- Relator term: author.
670 ## - SOURCE DATA FOUND
- Source citation: Work cat.: (OSt): Tambogon, Ricardo S. author., Learner's wishes, how can you make them come true? /, June 2018.
